LEADER 01390nam a2200253 4500 001 000000351163 003 CaOOAMICUS 005 20220810112201.0 008 220810s1818 it 000 u ita r 026 $ea.ma reo, veu- Arnu (3) 1818 (A) 040 $aSeMil$bita 100 11$aSusanna, Gaetano.$0(OLS)http://semarc/name/65944 245 10$aNuovo prospetto delle pitture sculture ed architetture di Mantova e de'suoi contorni corredato di notizie storiche intorno all'origine e successive vicende de'relativi edifizj e stabilimenti di Gaetano Susani. 264 1$aMantova :$bda Francesco Agazzi stampatore della Reale Accademia,$c1818. 300 $aVIII, 149, [3] p. ;$c8° 500 $aSegn.: [1]4 2-10/8 11/4 650 4$aMantova - Arte.$0(OLS)http://semarc/subject/5311 700 1 $aAgazzi, Francesco,$c.$0(OLS)http://semarc/name/116283 850 $aSeMil 852 $aSeMil$W1$xVenegono$y1$m5A III 4 FA$j233859$B242243$CSeMilBibl$Z2$F242243 $8I 941 1 $a10 996 $6245$aNuovo prospetto delle pitture sculture ed architetture di Mantova e de'suoi contorni corredato di notizie storiche intorno all'origine e successive vicende de'relativi edifizj e stabilimenti di Gaetano Susani$9(OLS)http://semarc/title/440946 996 $6264$aMantova :$bda Francesco Agazzi stampatore della Reale Accademia$9(OLS)http://semarc/publisher/60557 LEADER 01205nam a2200277 i 4500 001 000000085257 003 CaOOAMICUS 005 20220331145539.0 008 180830s1973 xx u000 u und u 013 $a57497 020 $a88-359- 040 $aSeMil$bita 100 1 $aMarx, Karl,$d<1818-1883>.$0(OLS)http://semarc/name/539 245 13$aIl Capitale. Critica dell'economia politica. Libro terzo: Il processo complessivo della produzione capitalistica. III. 264 1$aRoma :$bEditori Riuniti,$c1973. 300 $a446 p. 490 1 $aLe idee 650 4$aMarx, Karl <1818-1883> . Das Kapital.$0(OLS)http://semarc/subject/14038 700 1 $aBoggeri, Maria Luisa.$0(OLS)http://semarc/name/39574 830 3$aLe idee.$0(OLS)http://semarc/title/7067 850 $aSeMil 852 $aSeMil$W1$xVenegono$y1$m46 3 50 *$j49309$B49309$CSeMilBibl$Z2$F52856 $81 996 $6020$a88-359-$9(OLS)http://semarc/number/65619 996 $6245$aIl Capitale. Critica dell'economia politica. Libro terzo: Il processo complessivo della produzione capitalistica. III$9(OLS)http://semarc/title/131840 996 $6264$aRoma :$bEditori Riuniti$9(OLS)http://semarc/publisher/30240